| 000 | 00780nam a22001937a 4500 | ||
|---|---|---|---|
| 003 | JO-AjAnu | ||
| 005 | 20260421084947.0 | ||
| 008 | 260421b jo ||||| |||| 00| 0 ara d | ||
| 020 | _a9789923856369 | ||
| 022 | _a128/1/2026 | ||
| 040 |
_aanu _cJO-AjAnu |
||
| 041 | _hara | ||
| 100 |
_aحمادنة، برهان محمود _eمؤلف _966970 |
||
| 245 |
_aالعقول الواعدة: تنمية المواهب والإبداع القيمي والقيادة الشابة = Promising Minds: Developing Talent, Values-Oriented Creativity and Youth Leadership _c / برهان محمود حمادنة |
||
| 260 |
_aعمان: _bزاد ناشرون وموزعون؛ _c2026 |
||
| 300 | _a357 صفحة | ||
| 650 | _vالاطفال الموهوبون-تعليم | ||
| 942 |
_2lcc _cBK _n0 |
||
| 999 |
_c34191 _d34191 |
||